01344nam a2200277 a 450000100100000000500170001000800410002704000250006808200200009310000490011324500610016226000350022330000200025850000630027859000750034159000260041665000280044265000270047065000310049770000380052891000370056695201320060395201910073595201230092699900170104900001057420240530073911.0091008s1994 dr 000 p spa d aDO-SdBNPbspacBNPHU aRD861.44bN714a1 aNina, Juan B.,d1959-q(Juan Bautista)9924610aAndrómeda /cJuan B. Nina ; prólogo Antonio Acevedo. aSanto Domingo :bGente,c1994. a21 p. ;c21 cm. aIncluye datos biográficos del autor en la contracubierta aPerteneció a la biblioteca personal de Juan Isidro Jimenes Grullón aInventariado, 2018/LP 0aPoesía dominicana966 0aNovela dominicana9223 0aLiteratura dominicana.96712aAcevedo, Antonio,epról.924327 aValidado. Control de calidad MFF 001054708DSaGRbGRcHDd2011-10-06iLF1l0oRD861.44 N714ap10574-30r2020-06-25te.3w2020-06-25yLFDSZPréstamo en sala 0010718PDaPDbPDcHDd2009-10-08iLF1l0oRD861.44 N714ap10574-10r2020-06-25w2020-06-25yLFPDzPerteneció a la biblioteca personal de Juan Isidro Jimenes Grullón.ZNo se presta 0010718PDaPDbPDcHDd2009-11-19iLF1l0oRD861.44 N714ap10574-20r2020-06-25te.2w2020-06-25yLFPDZNo se presta c10332d10332